| 000 | 00000nam##2200000za#4500 |
| 001 | 9.662158 |
| 003 | CaOODSP |
| 005 | 20200330132201 |
| 007 | ta |
| 008 | 150407|2000||||xxc||||| f|0| 0 fre|d |
| 020 | |a0-662-66086-2 |
| 040 | |aCaOODSP|bfre |
| 041 | |aeng |
| 041 | |afre |
| 043 | |an-cn--- |
| 086 | 1 |aH21-141/2000 |
| 110 | 1 |aCanada. |bSanté Canada.|bDirection générale de la santé environnementale et de la sécurité des consommateurs. |
| 245 | 10|aStratégie de développement durable 2000 : |bpour une santé durable / |cPréparé par le Groupe de travail sur le développement durable et le Bureau du développement durable de Santé Canada. |
| 260 | |aOttawa - Ontario : |bSanté Canada. |c2000. |
| 300 | |aTexte français, 67p. : |bréférences, tableaux ; |c28 cm. |
| 500 | |aN.B.: Le numéro de catalogue (H21-141/2000F) et le numéro ISBN (0-662-85048-3) imprimés dans cette publication sont incorrects. |
| 546 | |aBilingue |
| 563 | |aCouverture souple |
| 590 | |a01-39|b2001-09-28 |
| 691 | 07|aPolitique en matière de santé|2gcpds |
| 776 | 0#|tStratégie de développement durable 2000 : |w(CaOODSP)9.640462 |
| 776 | 0#|tSustainable development strategy 2000 : |w(CaOODSP)9.696345 |
| 791 | |tSustainable Development Strategy 2000 : |eeng|w(CaOODSP)9.662157 |